To heaven with Diana!: (Record no. 124743)
[ view plain ]
| 000 -LEADER | |
|---|---|
| fixed length control field | 00785cam a22002291 4500 |
| 001 - CONTROL NUMBER | |
| control field | 7489321 |
| 003 - CONTROL NUMBER IDENTIFIER | |
| control field | ARRUPE |
| 005 - DATE AND TIME OF LATEST TRANSACTION | |
| control field | 20160503102616.0 |
| 008 - FIXED-LENGTH DATA ELEMENTS--GENERAL INFORMATION | |
| fixed length control field | 771117s1960 nyu 000 0 eng |
| 010 ## - LIBRARY OF CONGRESS CONTROL NUMBER | |
| LC control number | 60011759 |
| 035 ## - SYSTEM CONTROL NUMBER | |
| System control number | (OCoLC)3427688 |
| 040 ## - CATALOGING SOURCE | |
| Original cataloging agency | DLC |
| Transcribing agency | OC |
| Modifying agency | DLC |
| 050 00 - LIBRARY OF CONGRESS CALL NUMBER | |
| Classification number | BX4705.J7 |
| Item number | A43 |
| 300 ## - PHYSICAL DESCRIPTION | |
| Dimensions | 22 cm. |
| 100 0# - MAIN ENTRY--PERSONAL NAME | |
| Personal name | Jordan of Saxony |
| Dates associated with a name | -1237. |
| 9 (RLIN) | 24189 |
| 245 10 - TITLE STATEMENT | |
| Title | To heaven with Diana!: |
| Remainder of title | A study of Jordan of Saxony and Diana d'Andaló, |
| Statement of responsibility, etc | with a translation of the letters of Jordan, by Gerald Vann. |
| 260 ## - PUBLICATION, DISTRIBUTION, ETC. (IMPRINT) | |
| Place of publication, distribution, etc | New York |
| Name of publisher, distributor, etc | iUniverse, Inc. |
| Date of publication, distribution, etc | 2006 |
| 300 ## - PHYSICAL DESCRIPTION | |
| Extent | 160 p. |
| 700 0# - ADDED ENTRY--PERSONAL NAME | |
| Personal name | Diana de Andalo, |
| Dates associated with a name | approximately 1201-1236. |
| 9 (RLIN) | 24190 |
| 700 1# - ADDED ENTRY--PERSONAL NAME | |
| Personal name | Vann, Gerald, |
| Dates associated with a name | 1906-1963. |
| 9 (RLIN) | 24191 |
| Relator term | ed. |
| 906 ## - LOCAL DATA ELEMENT F, LDF (RLIN) | |
| a | 7 |
| b | cbc |
| c | oclcrpl |
| d | u |
| e | ncip |
| f | 19 |
| g | y-gencatlg |
| 942 ## - ADDED ENTRY ELEMENTS (KOHA) | |
| Source of classification or shelving scheme | Library of Congress Classification |
| Koha item type | Monograph ( Printed materials) |
| Withdrawn status | Lost status | Source of classification or shelving scheme | Damaged status | Not for loan | Collection code | Home library | Current library | Shelving location | Date acquired | Total Checkouts | Full call number | Barcode | Date last seen | Price effective from | Koha item type |
|---|---|---|---|---|---|---|---|---|---|---|---|---|---|---|---|
| Library of Congress Classification | Main Collection | ARRUPE LIBRARY | ARRUPE LIBRARY | Main Collection | 28/04/2016 | BX4705.J7 A43 2006 | 46500006522 | 22/11/2017 | 28/04/2016 | Monograph ( Printed materials) |